| 000 | 00841cam a22001814a 4500 | ||
|---|---|---|---|
| 005 | 20250605164402.0 | ||
| 008 | 250528s ||||||||||||||||||||||||d | ||
| 035 | _a24664 | ||
| 040 |
_aGR-AtMCL _bgre _dGR-AtMCL _eAACR2 |
||
| 245 | 1 | _aΟι Νέες Πιστοποιήσεις Αλλάζουν τα Δεδομένα στην Αγορά | |
| 260 |
_bMorax Media S.A, _c2020 |
||
| 300 | _a72 | ||
| 520 | _aΑσφαλίζεται η Πανδημία του Κορωνοϊού, Έκτακτα ΣΔΙΤ στις Ασφαλίσεις Πιστώσεων, Ο Κυκλώνας 'Εμμονή' και οι Αποζημιώσεις, Εφαρμογές Ασαφούς Ελέγχου και Βελτιστοποίησης. | ||
| 700 | 1 |
_aΜωράκης Φίλιππος _99500 |
|
| 942 | _cCR | ||
| 999 |
_c9531 _d9531 |
||